Movies Quiz

Random Movies or Clickable Quiz

Movies by IMDb FAQ Quiz Stats

 Plays Quiz Updated Aug 23, 2015

Challenge
Share
Tweet
Embed
Score 0/30 Timer 07:00
8 Plays Today
% Correct
Lord of the Rings: Return of the King
95.6%
Toy Story 3
92.6%
The Breakfast Club
92.1%
Raiders of the Lost Ark
88.9%
Back to the Future
87%
Jaws
85.3%
The Shawshank Redemption
82.6%
Forrest Gump
81.9%
Schindler's List
80.7%
Terminator 2: Judgement Day
80.3%
A Clockwork Orange
76.6%
Die Hard
76.1%
Gone with the Wind
75.2%
Alien
73.4%
The Matrix
71.6%
% Correct
Star Wars (Episode IV: A New Hope)
69.3%
The Goonies
67.4%
Jurassic Park
66.8%
The Hangover
65.8%
Full Metal Jacket
62.1%
Gangs of New York
60.4%
Memento
60.2%
Rocky
54.9%
The Dark Knight
52.7%
Titanic
46.7%
The Sixth Sense
34.6%
The Departed
33.8%
Gladiator
33.3%
Shaun of the Dead
33.1%
Willy Wonka and the Chocolate Factory
23.2%

You're not logged in!

Compare scores with friends on all Sporcle quizzes.
OR
Log In

You Might Also Like...

Show Comments

Extras

Top Quizzes Today


Score Distribution

Your Account Isn't Verified!

In order to create a playlist on Sporcle, you need to verify the email address you used during registration. Go to your Sporcle Settings to finish the process.

Report this User

Report this user for behavior that violates our Community Guidelines.

Details: